Funcionamiento y uso del sistema interamericano de protección de los derechos humanos /
El texto aborda el funcionamiento y uso del sistema interamericano de protección de los derechos humanos, presentando una visión detallada de su estructura y mecanismos. El Centro por la Justicia y el Derecho Internacional examina cómo este sistema opera para salvaguardar los derechos fundamentales...
Na minha lista:
| Autor Corporativo: | |
|---|---|
| Formato: | Desconhecido |
| Idioma: | Spanish |
| Publicado em: |
Costa Rica :
CEJIL
|
| Assuntos: | |
| Tags: |
Adicionar Tag
Sem tags, seja o primeiro a adicionar uma tag!
|
MARC
| LEADER | 00000 a2200000 04500 | ||
|---|---|---|---|
| 001 | 48286 | ||
| 003 | cru CIDCACS/IIS | ||
| 005 | 20230926130401.0 | ||
| 008 | 050620s1998 cr spa d | ||
| 040 | |c CRAI/IIS |a CRAI/IIS | ||
| 090 | |a 01.03.01 C397f | ||
| 110 | |a Centro por la Justicia y el Derecho Internacional | ||
| 245 | |a Funcionamiento y uso del sistema interamericano de protección de los derechos humanos / |c Centro por la Justicia y el Derecho Internacional | ||
| 260 | |a Costa Rica : |b CEJIL | ||
| 300 | |a 22 páginas | ||
| 520 | |a El texto aborda el funcionamiento y uso del sistema interamericano de protección de los derechos humanos, presentando una visión detallada de su estructura y mecanismos. El Centro por la Justicia y el Derecho Internacional examina cómo este sistema opera para salvaguardar los derechos fundamentales en las Américas, destacando su importancia en la promoción de la justicia y el respeto a los derechos humanos. Se analizan casos emblemáticos, procedimientos y alcances del sistema, subrayando su papel en la rendición de cuentas de los Estados y en la búsqueda de la equidad y la dignidad para todas las personas en la región. RAR 08/2023 | ||
| 650 | 0 | |2 OCDE |9 38 |a DERECHOS HUMANOS | |
| 650 | 0 | |2 OCDE |9 5440 |a JUSTICIA | |
| 650 | 0 | |2 OCDE |9 7937 |a RENDICION DE CUENTAS | |
| 942 | |2 z |c LI |h 01.03.01 C397t |6 010301_C397T | ||
| 999 | |c 4363 |d 4363 | ||
